Costituzioni. (Record n. 26843)

Dettagli MARC
000 -LEADER
fixed length control field 00749nam a2200205Ia 4500
003 - CONTROL NUMBER IDENTIFIER
control field IT-RoPAU
005 - DATE AND TIME OF LATEST TRANSACTION
control field 20220918175723.0
008 - FIXED-LENGTH DATA ELEMENTS--GENERAL INFORMATION
fixed length control field 120407s9999 xx 000 0 und d
040 ## - CATALOGING SOURCE
Original cataloging agency IT-RoPAU
Transcribing agency 20140509153039.0
040 ## - CATALOGING SOURCE
Transcribing agency IT-RoPAU
041 ## - LANGUAGE CODE
Language code of text/sound track or separate title ita
100 ## - MAIN ENTRY--PERSONAL NAME
Personal name Pie Discepole del Divin Maestro
9 (RLIN) 24315
245 ## - TITLE STATEMENT
Title Costituzioni.
Remainder of title Capitolo Generale Speciale - 1969.
260 ## - PUBLICATION, DISTRIBUTION, ETC. (IMPRINT)
Date of publication, distribution, etc. 1973
Place of publication, distribution, etc. Alba
Name of publisher, distributor, etc. PDDM
300 ## - PHYSICAL DESCRIPTION
Extent 166 p.
Dimensions 17 cm
490 ## - SERIES STATEMENT
Series statement Edizioni Paoline
520 ## - SUMMARY, ETC.
Summary, etc. Indice generale<br/><br/>Premessa<br/>Fonti<br/>Sigle<br/><br/>La vocazione e la missione della Pia Discepola<br/>Vita di preghiera<br/>Vita consacrata<br/>Vita di comunità<br/>Vita apostolica<br/>Formazione della Pia Discepola<br/>Governo e ammistrazione<br/>Le costituzioni<br/><br/>
942 ## - ADDED ENTRY ELEMENTS (KOHA)
Koha item type LIBRO
Source of classification or shelving scheme Dewey Decimal Classification
Dati di copia
Withdrawn status Lost status Source of classification or shelving scheme Damaged status Not for loan Home library Current library Date acquired Total Checkouts Full call number Date last seen Price effective from Koha item type
    Dewey Decimal Classification Buone Condizioni Not For Loan PAULUS-BIBLIOTECA PAULUS-BIBLIOTECA 11/04/2012   P D5 11/04/2012 11/04/2012 LIBRO
    Dewey Decimal Classification Buone Condizioni Not For Loan PAULUS-BIBLIOTECA PAULUS-BIBLIOTECA 09/05/2014   P D5 09/05/2014 09/05/2014 LIBRO
CREDITS: SOCIETA' SAN PAOLO Via A.Severo, 58 - ROMA (RM) & PERIODICI SAN PAOLO SRL Via Giotto, 36 MILANO & CISF Via Giotto, 36 MILANO & EDIZIONI SAN PAOLO SRL,  Piazza Soncino, 5 CINISELLO BALSAMO (MI) -- ITALY